000 00646nam a2200133Ia 4500
008 220616s9999||||xx |||||||||||||| ||und||
020 _a9782890000000
245 0 _aCurrent Challenges for Targeting Brown Fat Thermogenesis to Combat Obesity
546 _aEnglish[eng]
650 _abrown adipose tissue||beige adipocytes||energy metabolism||thermogenesis||obesity||type 2 diabetes
700 _aYoneshiro, Takeshi||Johannes Betz, Matthias||Rensen, Patrick C. N.||Rodriguez-Rodriguez, Rosalia
856 _uhttps://www.frontiersin.org/research-topics/10678/current-challenges-for-targeting-brown-fat-thermogenesis-to-combat-obesity
942 _cEB
999 _c20800
_d20800